000 00908nam a22002177a 4500
003 JO-AjAnu
005 20251012091035.0
008 251011b jo ||||| |||| 00| 0 ara d
020 _a9789923200117
040 _aJO-AjAnu
_bara
_cJO-AjAnu
_dJO-AjAnu
_erda
041 _aara
_hara
050 _aGV515
_b2020
100 1 _aالطائي، مؤيد عبد علي
_eمؤلف
_966746
245 0 _aفسيولوجيا الاحمال التدريبية وطرائق التدريب الرياضي /
_cمؤيد عبد علي الطائي
250 _aالطبعة الاولى
260 _aعمان :
_bالدار المنهجية للنشر والتوزيع،
_c2020
300 _a352 صفحة
504 _aيحتوي على قائمة مصادر
650 7 0 _aالتمارين الرياضية-رفع الاثقال-التدريب الرياضي-اللياقة البدنية
_966747
942 _2lcc
_cBK
_n0
999 _c34040
_d34040